000 00385 a2200121 4500
001 ART_62652
005 20260410162057.0
008 260409a
245 1 0 _aEn memoria del Papa Francisco
100 1 _aBorinsky, Mariano H.
700 1 _aSchurjin Almenar, Daniel
773 0 _tTemas de derecho penal y procesal penal
_g- Año 7, N° 5/6 (mayo/jun. 2025)
_wREV60798
999 _c36382
_d36382